| 000 | 01142na a2200313 4500 | ||
|---|---|---|---|
| 001 | 17454 | ||
| 003 | MIRAKIL | ||
| 005 | 20181213154935.0 | ||
| 008 | 161221b tu 000 0 | ||
| 040 |
_aMilas _btur _cTR-AnCHP |
||
| 041 | _atur | ||
| 082 |
_aCHP 333.7932 _bD63 2008 |
||
| 090 | _aCHP 333.7932 E43 2009 | ||
| 240 |
_aElektrik raporu _fKasım 2009 |
||
| 245 |
_aElektrik _bKasım 2009 _c[hazırlayan] Cumhuriyet Halk Partisi Bilim, Yönetim, Kültür Platformu |
||
| 260 |
_aAnkara _bCHP Bilim Yönetim Kültür Platformu yayınları _c2009 |
||
| 300 |
_a90 s. _bgrf. _c28 sm. |
||
| 440 | _aCumhuriyet Halk Partisi Merkez Yönetim Kurulu yayınları | ||
| 490 | _aEnerji Serisi Raporları | ||
| 610 |
_aCHP _xElektrik enerjisi _yRaporlar |
||
| 610 |
_aCHP _xEnerji _yRaporlar, 2009 _yÇözüm önerileri |
||
| 651 |
_aTürkiye _xElektrik enerjisi _yRaporlar |
||
| 657 | _aCHP enerji raporu | ||
| 657 |
_aElektrik enerjisi sektörü _zTürkiye |
||
| 710 |
_aCumhuriyet Halk Partisi _bBilim Yönetim Kültür Platformu |
||
| 740 | _aEnerji raporu | ||
| 830 |
_aCHP raporları _pEnerji Serisi Raporları |
||
| 942 |
_2ddc _cBKS |
||
| 999 |
_c3544 _d3544 |
||